[Event "BL 0304 TV Tegernsee - SF Katernberg"]
[Site "?"]
[Date "2003.12.13"]
[Round "5.7"]
[White "Thesing, Matthias"]
[Black "Hertneck, Gerald"]
[Result "1/2-1/2"]
[WhiteElo "2437"]
[BlackElo "2524"]
[PlyCount "57"]
[EventDate "2003.??.??"]

1. e4 c5 2. Nc3 Nc6 3. Bb5 Nd4 4. a4 e6 5. Nf3 Ne7 6. Nxd4 cxd4 7. Ne2 a6 8.
Bc4 Nc6 9. d3 Bc5 10. O-O O-O 11. Ng3 d5 12. Bb3 f5 13. exf5 exf5 14. Qf3 Be6
15. Re1 Bf7 16. Qxf5 Kh8 17. Bg5 Qb6 18. Bxd5 Bg6 19. Qh3 Qxb2 20. f4 Nb4 21.
f5 Bxf5 22. Nxf5 Nxd5 23. Nxg7 Bb4 24. Rec1 Nf4 25. Bxf4 Rxf4 26. Nh5 Rf7 27.
Qe6 Raf8 28. Qe5+ Kg8 29. Qg5+ 1/2-1/2

[Event "BL 0304 TV Tegernsee - SF Katernberg"]
[Site "?"]
[Date "2003.12.13"]
[Round "5.8"]
[White "Teske, Henrik"]
[Black "Souleidis, Georgios"]
[Result "1-0"]
[WhiteElo "2518"]
[BlackElo "2401"]
[PlyCount "77"]
[EventDate "2003.??.??"]

1. e4 c5 2. Nf3 Nc6 3. Nc3 Nf6 4. Bb5 Qc7 5. O-O Nd4 6. Nxd4 cxd4 7. Nd5 Nxd5
8. exd5 a6 9. Ba4 g6 10. d3 Bg7 11. Bg5 b5 12. Bb3 e6 13. c4 dxc3 14. bxc3 O-O
15. Rc1 Bb7 16. c4 Qe5 17. Qd2 Rfc8 18. Rfe1 Qf5 19. h3 Bd4 20. Be3 Bxe3 21.
fxe3 Qg5 22. dxe6 dxe6 23. Qf2 bxc4 24. Bxc4 Rc7 25. e4 Rd8 26. Rb1 Qe5 27. Re3
Qd4 28. Rf1 a5 29. Kh1 Bc6 30. Qh4 Re8 31. Ref3 Qe5 32. Rf6 Rd7 33. Qf2 Ree7
34. Qb6 Rc7 35. Bxe6 Rxe6 36. Rxe6 Qxe6 37. Qxc7 a4 38. Qd8+ Kg7 39. Qd4+ 1-0

[Event "BL 0304 Solinger SG - SCA St Ingbert"]
[Site "?"]
[Date "2003.12.13"]
[Round "5.4"]
[White "Gabriel, Christian"]
[Black "Bricard, Emmanuel"]
[Result "1-0"]
[WhiteElo "2560"]
[BlackElo "2453"]
[PlyCount "91"]
[EventDate "2003.??.??"]

1. Nf3 g6 2. d4 Bg7 3. c4 d6 4. Nc3 c5 5. d5 Bxc3+ 6. bxc3 f5 7. h3 Qa5 8. Qc2
Nf6 9. Bh6 Nbd7 10. e3 Nb6 11. Bd3 Bd7 12. O-O Na4 13. Rac1 O-O-O 14. Ng5 Rhg8
15. f3 Nh5 16. Nf7 Rde8 17. e4 Nb6 18. e5 dxe5 19. Nxe5 e6 20. g4 Nf6 21. Qh2
Re7 22. Bg5 Rf8 23. Rfe1 exd5 24. Bxf6 Rxf6 25. Nxd7 Rxd7 26. Re8+ Rd8 27.
Rxd8+ Kxd8 28. Qb8+ Nc8 29. Qxb7 Qxa2 30. Rd1 Rd6 31. gxf5 dxc4 32. f6 Qa4 33.
Re1 Qd7 34. f7 Qxb7 35. f8=Q+ Kc7 36. Bxc4 Qc6 37. Qf4 Kb7 38. Re3 Qd7 39. Bd3
Qxh3 40. Be4+ Kb6 41. Re1 Qe6 42. Rb1+ Kc7 43. Rb7+ Kd8 44. Qg5+ Qf6 45. Qxc5
Qf4 46. Qc7+ 1-0

[Event "BL 0304 Solinger SG - SCA St Ingbert"]
[Site "?"]
[Date "2003.12.13"]
[Round "5.5"]
[White "Nguyen, Chi Minh"]
[Black "Sadler, Matthew"]
[Result "0-1"]
[WhiteElo "2375"]
[BlackElo "2626"]
[PlyCount "126"]
[EventDate "2003.??.??"]

1. d4 f5 2. g3 Nf6 3. Bg2 g6 4. c3 Bg7 5. Qb3 Nc6 6. Nd2 d5 7. Ngf3 e6 8. h4
O-O 9. Ng5 e5 10. dxe5 Nxe5 11. Ndf3 Neg4 12. Nd4 Re8 13. Bf4 c6 14. Rd1 Qb6
15. O-O Bd7 16. e3 h6 17. Nh3 Kh7 18. Qc2 Qa6 19. Rfe1 Rad8 20. Bc7 Rc8 21. Bf1
b5 22. Bf4 c5 23. Nf3 Kh8 24. Nd2 Nh5 25. a4 c4 26. axb5 Bxb5 27. Nf3 Nhf6 28.
Nd4 Bd7 29. Ra1 Qb6 30. f3 Ne5 31. Bxe5 Rxe5 32. Nf4 Be8 33. Qb1 Rc7 34. Kf2
Rce7 35. Ng2 Bf7 36. b3 Qc7 37. bxc4 dxc4 38. Qb4 a5 39. Qb2 Nd5 40. Qa3 Nf6
41. Qb2 Kh7 42. Be2 Rc5 43. Bd1 Nh5 44. f4 Nf6 45. h5 Ne4+ 46. Kg1 Nxg3 47.
hxg6+ Bxg6 48. Nh4 Bxd4 49. cxd4 Rc6 50. Bf3 Ne4 51. Bxe4 fxe4 52. Qg2 Rg7 53.
Kf2 Qe7 54. Qh1 c3 55. Rxa5 Rb6 56. Rc5 Rb2+ 57. Re2 Qb7 58. Qc1 Rxe2+ 59. Kxe2
Qa6+ 60. Ke1 Bf7 61. Qxc3 Rg1+ 62. Kd2 Qf1 63. Qc2 Qe1# 0-1

[Event "BL 0304 Solinger SG - SCA St Ingbert"]
[Site "?"]
[Date "2003.12.13"]
[Round "5.6"]
[White "Naumann, Alexander"]
[Black "Parmentier, Xavier"]
[Result "1-0"]
[WhiteElo "2518"]
[BlackElo "2335"]
[PlyCount "71"]
[EventDate "2003.??.??"]

1. e4 c5 2. Nf3 d6 3. d4 cxd4 4. Nxd4 Nf6 5. Nc3 g6 6. Be2 Bg7 7. O-O O-O 8.
Re1 Nc6 9. Nb3 Be6 10. Bf1 a5 11. a4 Bxb3 12. cxb3 e6 13. Bg5 h6 14. Bh4 g5 15.
Bg3 d5 16. exd5 Nxd5 17. Rc1 Ncb4 18. Qf3 Qf6 19. Qe4 Rfc8 20. Bc4 Qd4 21. Qb1
Rc6 22. Red1 Qf6 23. Rd2 Rac8 24. Nb5 Nb6 25. Na7 Rxc4 26. bxc4 Rxc4 27. Rxc4
Nxc4 28. Rd7 Nxb2 29. Rxb7 Qd4 30. Rb8+ Bf8 31. Nb5 Qd2 32. Bd6 Nd1 33. Rxf8+
Kg7 34. Rxf7+ Kxf7 35. Qh7+ Kf6 36. Qe7+ 1-0

[Event "BL 0304 Solinger SG - SCA St Ingbert"]
[Site "?"]
[Date "2003.12.13"]
[Round "5.7"]
[White "Pirrot, Dieter"]
[Black "Werle, Jan"]
[Result "1-0"]
[WhiteElo "2422"]
[BlackElo "2409"]
[PlyCount "121"]
[EventDate "2003.??.??"]

1. e4 c5 2. c3 Nf6 3. e5 Nd5 4. d4 cxd4 5. Nf3 Nc6 6. Bc4 Nb6 7. Bb3 d5 8. exd6
Qxd6 9. O-O Be6 10. Bxe6 Qxe6 11. Nxd4 Qd7 12. Be3 e6 13. Nd2 Be7 14. Qh5 Nd5
15. Rad1 Nxe3 16. fxe3 O-O 17. N2f3 Qc7 18. Ng5 Bxg5 19. Qxg5 Ne5 20. Rf4 h6
21. Qg3 Qc5 22. Re4 Ng6 23. Nxe6 Qh5 24. Qg4 Qxg4 25. Rxg4 fxe6 26. Rxg6 Rad8
27. Rxd8 Rxd8 28. Rxe6 Rd2 29. Re7 Rxb2 30. a4 Kh7 31. a5 a6 32. Kf1 Kg6 33. h4
h5 34. Re5 Ra2 35. Rc5 Kh6 36. e4 Ra4 37. c4 Ra2 38. e5 Kg6 39. e6 Kf6 40. Rxh5
Kxe6 41. Rg5 Kf6 42. Kg1 Rb2 43. Rc5 Kf7 44. Kh2 Rb3 45. g3 b5 46. axb6 Rxb6
47. Kh3 Rb3 48. Kg4 Rc3 49. Rc7+ Kf6 50. Kf4 a5 51. g4 Rc1 52. Rc6+ Kf7 53. Kg5
Re1 54. Rc5 Re4 55. Kf5 Rd4 56. Rc7+ Kf8 57. h5 a4 58. g5 a3 59. Rc8+ Ke7 60.
Ra8 Rxc4 61. Kg6 1-0

[Event "BL 0304 Solinger SG - SCA St Ingbert"]
[Site "?"]
[Date "2003.12.13"]
[Round "5.8"]
[White "Hoffmann, Michael"]
[Black "Drollinger, Dennis"]
[Result "1-0"]
[WhiteElo "2430"]
[BlackElo "2275"]
[PlyCount "61"]
[EventDate "2003.??.??"]

1. e4 e5 2. Nf3 Nf6 3. Nxe5 d6 4. Nf3 Nxe4 5. d4 d5 6. Bd3 Bd6 7. O-O O-O 8. c4
Be6 9. Qc2 c6 10. cxd5 cxd5 11. Bxe4 dxe4 12. Qxe4 Bd5 13. Qf5 g6 14. Qh3 Nc6
15. Be3 Re8 16. Ng5 h5 17. Nc3 Bc4 18. Rfd1 Nb4 19. Nge4 Be7 20. d5 Qa5 21. d6
Bd8 22. d7 Re5 23. Nd6 Be6 24. Qf3 Rb8 25. Rac1 Be7 26. Nxb7 Qc7 27. Nd5 Bxd5
28. Rxc7 Bxf3 29. gxf3 Kh7 30. d8=Q Bxd8 31. Nxd8 1-0

[Event "BL 0304 SV Wattenscheid - SV Hofheim"]
[Site "?"]
[Date "2003.12.13"]
[Round "5.1"]
[White "Hickl, Joerg"]
[Black "Aronian, Levon"]
[Result "0-1"]
[WhiteElo "2562"]
[BlackElo "2649"]
[PlyCount "122"]
[EventDate "2003.??.??"]

1. Nf3 Nf6 2. g3 b5 3. Bg2 e6 4. Nd4 c6 5. O-O h5 6. Nf3 c5 7. d3 Bb7 8. e4 d6
9. c3 Nbd7 10. Bg5 g6 11. Re1 Qb8 12. a4 a6 13. Na3 Bc6 14. axb5 axb5 15. e5
dxe5 16. Nxe5 Bxg2 17. Kxg2 Bg7 18. Bf4 Nd5 19. Nxg6 Qb7 20. Qf3 fxg6 21. Bd6
O-O-O 22. Rxe6 Nf8 23. Bxf8 Rhxf8 24. Qe4 Rf6 25. Rxf6 Nxf6 26. Qxb7+ Kxb7 27.
Nxb5 Kb6 28. Na3 Rxd3 29. Nc4+ Kb5 30. Ne5 Rd2 31. Ra7 Bh6 32. Rb7+ Ka6 33. Rb8
Ng4 34. Nxg4 hxg4 35. Kf1 Bg7 36. Rg8 Rd7 37. Rc8 Kb6 38. Ke2 Be5 39. Re8 Bd6
40. Kf1 Re7 41. Rh8 Kc6 42. Rh4 Re4 43. h3 c4 44. hxg4 Kb5 45. Rh7 Rxg4 46. Rg7
Rg5 47. Ke2 Ka4 48. Kd1 Bc5 49. Rf7 Rd5+ 50. Kc1 Rd6 51. Rc7 Kb5 52. Rf7 Re6
53. Kb1 Kc6 54. f4 Kd5 55. g4 Re1+ 56. Ka2 Re7 57. Rf6 Rg7 58. f5 g5 59. Kb1
Re7 60. Rg6 Be3 61. Kc2 Re4 0-1

[Event "BL 0304 SV Wattenscheid - SV Hofheim"]
[Site "?"]
[Date "2003.12.13"]
[Round "5.2"]
[White "Nielsen, Peter-Heine"]
[Black "Krivoshey, Sergei"]
[Result "1/2-1/2"]
[WhiteElo "2626"]
[BlackElo "2495"]
[PlyCount "66"]
[EventDate "2003.??.??"]

1. d4 d5 2. c4 c6 3. Nc3 Nf6 4. e3 a6 5. Nf3 e6 6. c5 b6 7. cxb6 Nbd7 8. Na4
Nxb6 9. Bd2 Nxa4 10. Qxa4 Bd7 11. Qc2 Ne4 12. Bd3 Nxd2 13. Nxd2 Bd6 14. Nb3 a5
15. O-O h6 16. Rac1 O-O 17. Nc5 Bc8 18. Be2 Qc7 19. g3 Bxc5 20. Qxc5 Ba6 21.
Rfe1 Bxe2 22. Rxe2 Ra6 23. Rc3 Rb8 24. Rec2 a4 25. Qa3 Rbb6 26. Rc5 Qb7 27. Qc3
Rb4 28. a3 Rb3 29. Qd2 Rab6 30. Qa5 Rxb2 31. Rxb2 Rxb2 32. Qxa4 Ra2 33. Rc1 Qb2
1/2-1/2

[Event "BL 0304 SV Wattenscheid - SV Hofheim"]
[Site "?"]
[Date "2003.12.13"]
[Round "5.5"]
[White "Buchal, Stephan"]
[Black "Handke, Florian"]
[Result "0-1"]
[WhiteElo "2363"]
[BlackElo "2476"]
[PlyCount "62"]
[EventDate "2003.??.??"]

1. g3 e5 2. Bg2 d5 3. d3 Nf6 4. Nf3 Bd6 5. O-O O-O 6. Nc3 c6 7. e4 Re8 8. Bg5
d4 9. Ne2 h6 10. Bd2 c5 11. Ne1 b5 12. f4 Nc6 13. h3 Ba6 14. f5 Be7 15. g4 c4
16. Ng3 Nh7 17. Nh5 b4 18. b3 cxd3 19. cxd3 Bg5 20. Rc1 Rc8 21. Rc2 Qd6 22.
Bxg5 hxg5 23. Nf3 Nb8 24. Rd2 Nd7 25. h4 Qh6 26. Qe1 Rc3 27. Qg3 Bxd3 28. Rff2
Bxe4 29. Rfe2 gxh4 30. Qxh4 Bxf3 31. Rxd4 Qb6 0-1

[Event "BL 0304 SV Wattenscheid - SV Hofheim"]
[Site "?"]
[Date "2003.12.13"]
[Round "5.6"]
[White "Holzke, Frank Dr"]
[Black "Burkart, Patrick"]
[Result "1-0"]
[WhiteElo "2471"]
[BlackElo "2355"]
[PlyCount "81"]
[EventDate "2003.??.??"]

1. e4 Nf6 2. e5 Nd5 3. d4 d6 4. c4 Nb6 5. exd6 exd6 6. Nc3 Be7 7. Bd3 Nc6 8.
Nge2 Bg4 9. f3 Bh5 10. O-O Bg6 11. b3 Bf6 12. Be4 O-O 13. Be3 Bg5 14. Bxg5 Qxg5
15. f4 Qf6 16. f5 Bh5 17. Bf3 Bxf3 18. Rxf3 Rfe8 19. Qd2 Re7 20. Rd1 Rae8 21.
Ng3 h6 22. Qf2 Qg5 23. c5 dxc5 24. dxc5 Ne5 25. Nge4 Qh5 26. Rh3 Qxd1+ 27. Nxd1
Ng4 28. Qd2 Rxe4 29. Rf3 Nc8 30. h3 Nf6 31. Re3 Rxe3 32. Nxe3 Ne7 33. Ng4 Nxf5
34. Nxf6+ gxf6 35. Qd7 Re1+ 36. Kf2 Re5 37. Qxc7 Kg7 38. Qxb7 Rxc5 39. Qxa7
Rc2+ 40. Kg1 Nh4 41. Qa8 1-0

[Event "BL 0304 SV Wattenscheid - SV Hofheim"]
[Site "?"]
[Date "2003.12.13"]
[Round "5.7"]
[White "Brendel, Oliver"]
[Black "Dinstuhl, Volkmar Dr"]
[Result "0-1"]
[WhiteElo "2311"]
[BlackElo "2439"]
[PlyCount "80"]
[EventDate "2003.??.??"]

1. e4 e5 2. Nf3 Nc6 3. Bb5 a6 4. Ba4 Nf6 5. O-O Be7 6. Bxc6 dxc6 7. Re1 Nd7 8.
d4 exd4 9. Qxd4 O-O 10. Nc3 Bf6 11. Qe3 Re8 12. Bd2 Ne5 13. Nxe5 Bxe5 14. Kh1
Qd4 15. Qxd4 Bxd4 16. f3 Be6 17. Bf4 Rac8 18. Red1 Bc5 19. g4 f6 20. b3 b5 21.
Kg2 Red8 22. Rxd8+ Rxd8 23. Rd1 Rc8 24. Ne2 Bb6 25. Ng3 Kf7 26. Nf5 g6 27. Ng3
a5 28. h4 a4 29. g5 axb3 30. axb3 Ra8 31. gxf6 Ra2 32. Rd2 Kxf6 33. Bg5+ Kg7
34. Bf4 Ba5 35. Re2 c5 36. Be5+ Kf7 37. f4 Bg4 38. Rf2 Be1 39. Bxc7 Bxf2 40.
Kxf2 Rxc2+ 0-1

[Event "BL 0304 SV Wattenscheid - SV Hofheim"]
[Site "?"]
[Date "2003.12.13"]
[Round "5.8"]
[White "Straeter, Timo"]
[Black "Haubt, Georg"]
[Result "0-1"]
[WhiteElo "2335"]
[BlackElo "2283"]
[PlyCount "72"]
[EventDate "2003.??.??"]

1. d4 d5 2. Nf3 Nc6 3. Bf4 Bg4 4. e3 e6 5. c4 Nf6 6. Nc3 Bd6 7. Bg5 Be7 8. h3
Bf5 9. Bxf6 gxf6 10. cxd5 exd5 11. Bd3 Be6 12. Qa4 Qd7 13. Bb5 a6 14. Rc1 Rb8
15. Bd3 f5 16. h4 Rg8 17. g3 Bd6 18. a3 b5 19. Qc2 Na5 20. h5 h6 21. Ne2 Nc4
22. Nf4 Kd8 23. Kf1 a5 24. Kg2 a4 25. Qe2 Qe7 26. Rc2 c6 27. Kh2 Qf6 28. Ng2
Kc7 29. Ngh4 Rg4 30. Ng2 Rbg8 31. Nf4 Bd7 32. Qd1 Nxe3 33. fxe3 Rxg3 34. Nxd5+
Kb7 35. Nf4 Rxf3 36. Qe1 Qg5 0-1

[Event "BL 0304 SV Werder Bremen - SC Baden Oos"]
[Site "?"]
[Date "2003.12.13"]
[Round "5.6"]
[White "Gallagher, Joseph G"]
[Black "Krasenkow, Michal"]
[Result "1/2-1/2"]
[WhiteElo "2522"]
[BlackElo "2597"]
[PlyCount "47"]
[EventDate "2003.??.??"]

1. e4 e5 2. Nf3 Nc6 3. Nc3 Nf6 4. Bb5 Nd4 5. O-O Nxb5 6. Nxb5 c6 7. Nc3 d6 8.
d4 Qc7 9. h3 b5 10. Qd3 Be7 11. Ne2 O-O 12. Ng3 Rb8 13. b3 Re8 14. Bb2 Bf8 15.
Rfe1 a5 16. Rad1 c5 17. dxe5 dxe5 18. c4 bxc4 19. Qxc4 a4 20. Qc2 axb3 21. axb3
Nd7 22. Nf5 Nb6 23. Ne3 f6 24. Nd2 1/2-1/2

[Event "BL 0304 SV Werder Bremen - SC Baden Oos"]
[Site "?"]
[Date "2003.12.13"]
[Round "5.7"]
[White "Schmaltz, Roland"]
[Black "Joachim, Sven"]
[Result "0-1"]
[WhiteElo "2519"]
[BlackElo "2434"]
[PlyCount "106"]
[EventDate "2003.??.??"]

1. e4 c5 2. Nf3 Nc6 3. d4 cxd4 4. Nxd4 Nf6 5. Nc3 e5 6. Ndb5 d6 7. Bg5 a6 8.
Na3 b5 9. Bxf6 gxf6 10. Nd5 f5 11. c3 Bg7 12. exf5 Bxf5 13. Nc2 O-O 14. Nce3
Be6 15. Bd3 f5 16. Qh5 e4 17. Bc2 Ne7 18. Nf4 Qd7 19. Nxe6 Qxe6 20. Bb3 d5 21.
g4 Kh8 22. gxf5 Qe5 23. Rd1 Rad8 24. Rg1 b4 25. cxb4 d4 26. Nc4 Qxf5 27. Qxf5
Nxf5 28. Rg4 Rfe8 29. Rf4 Nd6 30. Nxd6 Rxd6 31. Ba4 Re7 32. Rc1 Bh6 33. Rc8+
Kg7 34. Rg4+ Kf6 35. Rc5 d3 36. Rh4 Bg5 37. Rg4 Bh6 38. Kd1 e3 39. fxe3 Bxe3
40. Rcc4 Kf5 41. h3 h5 42. Rh4 Rf6 43. Rhd4 Bxd4 44. Rxd4 Re2 45. Rxd3 Rxb2 46.
Bc2 Ke5 47. Kc1 Rxb4 48. Bb3 Rh4 49. Kb2 Rd4 50. Rc3 Kf4 51. Rc5 h4 52. Kc3 Re4
53. Kb2 Re3 0-1

[Event "BL 0304 SV Werder Bremen - SC Baden Oos"]
[Site "?"]
[Date "2003.12.13"]
[Round "5.8"]
[White "Meins, Gerlef"]
[Black "Buhmann, Rainer"]
[Result "1/2-1/2"]
[WhiteElo "2454"]
[BlackElo "2532"]
[PlyCount "89"]
[EventDate "2003.??.??"]

1. d4 Nf6 2. Nf3 d6 3. c4 g6 4. Nc3 Bf5 5. e3 Bg7 6. Bd3 Bxd3 7. Qxd3 O-O 8.
O-O c5 9. Rd1 Nbd7 10. b3 a6 11. Bb2 Qa5 12. Qd2 Rfc8 13. dxc5 Nxc5 14. Nd4
Rab8 15. Nd5 Qxd2 16. Nxf6+ Bxf6 17. Rxd2 b5 18. Rc1 b4 19. f3 a5 20. Rb1 a4
21. Rdd1 axb3 22. axb3 Ra8 23. Nb5 Bg5 24. Bd4 Ra2 25. e4 Ne6 26. Bf2 Rca8 27.
g3 Bf6 28. f4 Re2 29. Re1 Raa2 30. Rxe2 Rxe2 31. Kf1 Rxe4 32. Be1 g5 33. fxg5
Nxg5 34. Bxb4 Nf3 35. Kg2 Nd4 36. Nxd4 Bxd4 37. Re1 Rxe1 38. Bxe1 f5 39. Kf3
Kf7 40. g4 fxg4+ 41. Kxg4 Ke6 42. Bh4 Bc5 43. Kh5 d5 44. cxd5+ Kxd5 45. Bxe7
1/2-1/2

[Event "BL 0304 Bremer SG - Stuttgarter Sfr"]
[Site "?"]
[Date "2003.12.13"]
[Round "5.1"]
[White "Schmittdiel, Eckhard"]
[Black "Landa, Konstantin"]
[Result "0-1"]
[WhiteElo "2483"]
[BlackElo "2587"]
[PlyCount "84"]
[EventDate "2003.??.??"]

1. e4 c5 2. c3 Nf6 3. e5 Nd5 4. d4 cxd4 5. Qxd4 e6 6. Nf3 Nc6 7. Qe4 Qc7 8. Bb5
a6 9. Bxc6 Qxc6 10. Nd4 Qc7 11. Nd2 b5 12. O-O Bb7 13. Qe1 Nf4 14. N2f3 Nd3 15.
Qe3 Nxc1 16. Rfxc1 Bc5 17. b4 Bb6 18. a4 Qc4 19. axb5 axb5 20. Rxa8+ Bxa8 21.
Ra1 O-O 22. Ra6 Rb8 23. Nd2 Qc8 24. Ra3 Bd5 25. h3 Ra8 26. Rxa8 Qxa8 27. Kh2 h6
28. f3 Qa1 29. Ne4 Bxe4 30. Qxe4 Qxc3 31. Qa8+ Kh7 32. Qe4+ Kg8 33. Qa8+ Kh7
34. Qe4+ g6 35. Nxb5 Qc1 36. Kg3 Qg5+ 37. Kh2 Qc1 38. Kg3 Be3 39. h4 Qe1+ 40.
Kh3 Qh1+ 41. Kg3 Qg1 42. Kh3 Bd2 0-1

[Event "BL 0304 Bremer SG - Stuttgarter Sfr"]
[Site "?"]
[Date "2003.12.13"]
[Round "5.2"]
[White "Hjartarson, Johann"]
[Black "Berezovsky, Igor"]
[Result "1/2-1/2"]
[WhiteElo "2640"]
[BlackElo "2444"]
[PlyCount "52"]
[EventDate "2003.??.??"]

1. e4 e6 2. d4 d5 3. Nc3 Bb4 4. e5 b6 5. Qg4 Bf8 6. Bg5 Qd7 7. O-O-O Ba6 8.
Nge2 h6 9. Be3 Nc6 10. f4 O-O-O 11. Qf3 Na5 12. g4 h5 13. h3 g6 14. Kb1 Ne7 15.
b3 Kb8 16. Na4 Re8 17. Ng3 Bxf1 18. Rhxf1 h4 19. Ne2 Nb7 20. Qf2 Qb5 21. Ka1
Qa5 22. Ng1 c5 23. dxc5 Nxc5 24. Nxc5 bxc5 25. Nf3 Nc6 26. Qd2 Qa6 1/2-1/2

[Event "BL 0304 Bremer SG - Stuttgarter Sfr"]
[Site "?"]
[Date "2003.12.13"]
[Round "5.3"]
[White "Steingrimsson, Hedinn"]
[Black "Agrest, Evgenij"]
[Result "1/2-1/2"]
[WhiteElo "2396"]
[BlackElo "2605"]
[PlyCount "172"]
[EventDate "2003.??.??"]

1. d4 Nf6 2. c4 e6 3. Nf3 b6 4. a3 Ba6 5. Qc2 Bb7 6. Nc3 c5 7. e4 cxd4 8. Nxd4
Bc5 9. Nb3 Nc6 10. Bg5 h6 11. Bh4 Nd4 12. Nxd4 Bxd4 13. Bd3 Qb8 14. Bg3 Be5 15.
O-O-O O-O 16. Rhe1 Rc8 17. Kb1 d6 18. Bxe5 dxe5 19. Qe2 Qc7 20. Qe3 Rd8 21. Be2
Qe7 22. Ka2 Ba6 23. b3 Rac8 24. Kb2 Kf8 25. f3 Nd7 26. Rd2 Nb8 27. Red1 Rxd2+
28. Rxd2 Nc6 29. Bf1 Rc7 30. Rd1 Nd4 31. Ne2 Qxa3+ 32. Kxa3 Nc2+ 33. Ka4 Nxe3
34. Rc1 Rd7 35. Nc3 Rd2 36. Be2 Bb7 37. b4 Bc6+ 38. Kb3 Nxg2 39. c5 bxc5 40.
bxc5 Nf4 41. Bb5 Nd3 42. Bxd3 Rxd3 43. Ra1 Rxf3 44. Kc4 Rf2 45. h3 Rd2 46. Ra6
Rd4+ 47. Kb3 Be8 48. c6 Bxc6 49. Rxc6 Rd3 50. h4 Rh3 51. Rc5 Rxh4 52. Rxe5 g5
53. Kc2 Rh1 54. Kd2 Ra1 55. Rb5 a5 56. Ke2 a4 57. Ra5 a3 58. Nb5 a2 59. Nc3 Kg7
60. Rxa2 Rxa2+ 61. Nxa2 Kf6 62. Nb4 g4 63. Nc6 h5 64. Ke3 e5 65. Kf2 h4 66. Kg2
Ke6 67. Nd8+ Ke7 68. Nc6+ Kd6 69. Nd8 Ke7 70. Nc6+ Kf6 71. Kf2 Ke6 72. Nd8+ Ke7
73. Nc6+ Kd6 74. Nd8 f5 75. exf5 e4 76. Nf7+ Kd5 77. Ng5 Ke5 78. Nxe4 Kxf5 79.
Ng3+ hxg3+ 80. Kxg3 Kg5 81. Kg2 Kf4 82. Kf2 g3+ 83. Kg2 Kg4 84. Kg1 Kf3 85. Kf1
g2+ 86. Kg1 Kg3 1/2-1/2

[Event "BL 0304 Bremer SG - Stuttgarter Sfr"]
[Site "?"]
[Date "2003.12.13"]
[Round "5.4"]
[White "Stefansson, Hannes"]
[Black "Papa, Severin"]
[Result "1-0"]
[WhiteElo "2567"]
[BlackElo "2401"]
[PlyCount "76"]
[EventDate "2003.??.??"]

1. e4 e5 2. Nf3 Nc6 3. Bb5 a6 4. Ba4 Nf6 5. O-O Be7 6. Re1 b5 7. Bb3 d6 8. c3
O-O 9. h3 Na5 10. Bc2 c5 11. d4 Nd7 12. Nbd2 exd4 13. cxd4 Nc6 14. Nf1 cxd4 15.
Nxd4 Nxd4 16. Qxd4 Ne5 17. Qd1 Bf6 18. Rb1 Be6 19. b3 Nc6 20. Bd2 d5 21. exd5
Bxd5 22. Ne3 Be6 23. Be4 Rc8 24. Rc1 Qd7 25. Bc3 Nd4 26. Kh1 g6 27. Bb4 Rxc1
28. Qxc1 Re8 29. Qc5 Rc8 30. Qb6 Nc6 31. Bc5 Bd4 32. Rd1 Bxc5 33. Qxc5 Qe7 34.
Rd6 Nd8 35. Qd4 a5 36. Bf3 Nb7 37. Rb6 Rc1+ 38. Kh2 Qc7+ 1-0

[Event "BL 0304 Bremer SG - Stuttgarter Sfr"]
[Site "?"]
[Date "2003.12.13"]
[Round "5.5"]
[White "Reuss, Andreas"]
[Black "Baburin, Alexander"]
[Result "1/2-1/2"]
[WhiteElo "2361"]
[BlackElo "2541"]
[PlyCount "54"]
[EventDate "2003.??.??"]

1. d4 d5 2. c4 dxc4 3. Nf3 e6 4. e3 c5 5. Bxc4 a6 6. dxc5 Qxd1+ 7. Kxd1 Bxc5 8.
Ke2 Nf6 9. Nc3 Nbd7 10. Bd2 b5 11. Bd3 Bb7 12. a3 O-O 13. b4 Be7 14. Rhc1 Rfd8
15. e4 Rac8 16. Be3 Ng4 17. Bd4 Bf6 18. Bxf6 Ndxf6 19. Ne1 Nh5 20. g3 f5 21. a4
bxa4 22. Nxa4 fxe4 23. Bc4 Rxc4 24. Rxc4 Rf8 25. Rc7 Bd5 26. Nb6 Rxf2+ 27. Kd1
Ne3+ 1/2-1/2

[Event "BL 0304 Bremer SG - Stuttgarter Sfr"]
[Site "?"]
[Date "2003.12.13"]
[Round "5.6"]
[White "Fish, Gannadij"]
[Black "Lorscheid, Gerhard"]
[Result "1-0"]
[WhiteElo "2509"]
[BlackElo "2297"]
[PlyCount "113"]
[EventDate "2003.??.??"]

1. d4 d6 2. Nf3 Nf6 3. c4 g6 4. Nc3 Bg7 5. e4 O-O 6. Be2 c5 7. d5 e6 8. Nd2 Na6
9. O-O Re8 10. f4 exd5 11. cxd5 Rb8 12. Kh1 Nc7 13. a4 a6 14. a5 b5 15. axb6
Rxb6 16. Nc4 Rb4 17. e5 dxe5 18. d6 Ne6 19. fxe5 Ng4 20. Nd5 Qh4 21. h3 Nf2+
22. Rxf2 Qxf2 23. Nxb4 Bb7 24. Nd5 Nd4 25. Be3 Qg3 26. Bf4 Qf2 27. Be3 Qg3 28.
Bf4 Qf2 29. Qf1 Qxe2 30. Ne7+ Kf8 31. Qxe2 Nxe2 32. Bg5 Ng3+ 33. Kg1 Ne4 34. d7
Nxg5 35. Nxg6+ fxg6 36. dxe8=Q+ Kxe8 37. Nd6+ Kd7 38. Nxb7 Kc6 39. Nd8+ Kc7 40.
h4 Kxd8 41. hxg5 Bxe5 42. Rd1+ Kc7 43. b3 Kc6 44. Kf2 Kb5 45. Rd7 Kb4 46. Rb7+
Kc3 47. Ke3 c4 48. bxc4 Kxc4 49. Ke4 Bd4 50. Rxh7 a5 51. Rh6 a4 52. Rxg6 a3 53.
Ra6 Bb2 54. g6 Kb3 55. Kf5 a2 56. Rxa2 Kxa2 57. Ke6 1-0

[Event "BL 0304 Bremer SG - Stuttgarter Sfr"]
[Site "?"]
[Date "2003.12.13"]
[Round "5.7"]
[White "Vuckovic, Aleksandar"]
[Black "Gisbrecht, Ewgeni"]
[Result "1/2-1/2"]
[WhiteElo "2321"]
[BlackElo "2441"]
[PlyCount "100"]
[EventDate "2003.??.??"]

1. e4 c6 2. d4 d5 3. exd5 cxd5 4. c4 Nf6 5. Nc3 g6 6. cxd5 Nxd5 7. Bc4 Nb6 8.
Bb3 Bg7 9. Nge2 O-O 10. Bf4 Nc6 11. d5 Na5 12. Bc2 e6 13. dxe6 Bxe6 14. O-O Nc6
15. Be4 Re8 16. Re1 Nc4 17. b3 N4e5 18. Qxd8 Raxd8 19. Rad1 f5 20. Bd5 Bxd5 21.
Nxd5 Kf7 22. Kf1 Rd7 23. Ne3 Nd3 24. Nc1 Red8 25. Nxd3 Rxd3 26. Rxd3 Rxd3 27.
Nc4 Bf8 28. Ke2 Rd5 29. Rd1 Ke6 30. Rxd5 Kxd5 31. Bc1 Bc5 32. f3 a6 33. Be3 b5
34. Nb2 Bxe3 35. Kxe3 Nb4 36. a4 Kc5 37. axb5 axb5 38. Kd2 Kd4 39. Nd1 Nd5 40.
g3 g5 41. h3 f4 42. g4 h6 43. Nf2 Ne7 44. Ne4 Ke5 45. Nc3 b4 46. Nb5 Ng6 47.
Kd3 Nh4 48. Ke2 Kd5 49. Nc7+ Kd4 50. Nb5+ Kc5 1/2-1/2

[Event "BL 0304 Bremer SG - Stuttgarter Sfr"]
[Site "?"]
[Date "2003.12.13"]
[Round "5.8"]
[White "Borik, Otto"]
[Black "Gabriel, Josef"]
[Result "1-0"]
[WhiteElo "2429"]
[BlackElo "2179"]
[PlyCount "59"]
[EventDate "2003.??.??"]

1. d4 f5 2. g3 Nf6 3. Bg2 d6 4. Nf3 g6 5. O-O Bg7 6. c4 O-O 7. Nc3 Na6 8. b3 c5
9. Bb2 Qe8 10. Nb5 Ne4 11. Nd2 d5 12. a4 e6 13. Rb1 cxd4 14. Nxe4 fxe4 15. Bxd4
Bxd4 16. Qxd4 Qf7 17. cxd5 exd5 18. f3 e3 19. f4 Rd8 20. Rbd1 Be6 21. Qxe3 Nb4
22. Nd4 Bg4 23. f5 Qf6 24. h3 Bxf5 25. g4 Re8 26. Qd2 Nd3 27. Qxd3 Bxd3 28.
Rxf6 Bxe2 29. Bxd5+ Kh8 30. Re1 1-0

[Event "BL 0304 SC Kreuzberg - Hamburger SK"]
[Site "?"]
[Date "2003.12.13"]
[Round "5.1"]
[White "Ftacnik, Lubomir"]
[Black "Almasi, Zoltan"]
[Result "1/2-1/2"]
[WhiteElo "2585"]
[BlackElo "2631"]
[PlyCount "51"]
[EventDate "2003.??.??"]

1. d4 d5 2. c4 c6 3. Nf3 Nf6 4. e3 Bg4 5. Nc3 e6 6. h3 Bh5 7. g4 Bg6 8. Ne5
Nbd7 9. Nxg6 hxg6 10. Bd2 Be7 11. Qf3 Qb6 12. Bd3 dxc4 13. Bxc4 Rc8 14. Rc1 O-O
15. g5 Nh5 16. h4 c5 17. Na4 Qd8 18. Qxb7 cxd4 19. exd4 Rb8 20. Qe4 Bb4 21. Nc3
Nb6 22. Bb3 a5 23. a3 Bd6 24. Rc2 Qd7 25. Kd1 Rfc8 26. Kc1 1/2-1/2

[Event "BL 0304 SC Kreuzberg - Hamburger SK"]
[Site "?"]
[Date "2003.12.13"]
[Round "5.2"]
[White "Maiwald, Jens-Uwe"]
[Black "Gustafsson, Jan"]
[Result "0-1"]
[WhiteElo "2543"]
[BlackElo "2571"]
[PlyCount "58"]
[EventDate "2003.??.??"]

1. g3 d5 2. Bg2 g6 3. Nf3 Bg7 4. O-O Nf6 5. d3 O-O 6. c3 Re8 7. Qc2 e5 8. e4
dxe4 9. dxe4 b6 10. Rd1 Qe7 11. Bg5 Bb7 12. Nbd2 Nbd7 13. Nc4 Qe6 14. Nfd2 h6
15. Bxf6 Nxf6 16. Ne3 Rad8 17. Ndc4 Kh7 18. a4 h5 19. Na3 a6 20. Rxd8 Rxd8 21.
b4 Bh6 22. Rd1 Rxd1+ 23. Nxd1 h4 24. Qe2 Kg7 25. Nc4 Bc6 26. Ndb2 Bc1 27. Qd1
Bxb2 28. Nxb2 Bxe4 29. Bxe4 Nxe4 0-1